Statistics for World Map without 20 Random Countries excluding Landlocked Countries

Click here to take the quiz!

General Stats

  • This quiz has been taken 97 times
  • The average score is 17 of 20

Answers on the Map

Answers color-coded by a green-red scale on the quiz's map according to % correct below.
 

Answer Stats

Country% Correct
Algeria
100%
Angola
100%
Argentina
100%
Australia
100%
Belgium
100%
Bosnia and Herzegovina
100%
Cambodia
100%
Canada
100%
Colombia
100%
Costa Rica
100%
Croatia
100%
Czech Republic
100%
Denmark
100%
Dominican Republic
100%
DR Congo
100%
Egypt
100%
Estonia
100%
Finland
100%
Germany
100%
Ghana
100%
Guinea
100%
Guyana
100%
Haiti
100%
Iceland
100%
India
100%
Iran
100%
Israel
100%
Italy
100%
Japan
100%
Latvia
100%
Liberia
100%
Madagascar
100%
Malta
100%
Mauritania
100%
Mauritius
100%
Mexico
100%
Morocco
100%
North Korea
100%
Norway
100%
Oman
100%
Pakistan
100%
Peru
100%
Philippines
100%
Republic of the Congo
100%
Romania
100%
Slovenia
100%
Solomon Islands
100%
South Africa
100%
South Korea
100%
Sri Lanka
100%
Sudan
100%
Suriname
100%
Thailand
100%
Tunisia
100%
Turkey
100%
United Kingdom
100%
United States
100%
Uruguay
100%
Indonesia
86%
Chile
83%
Brazil
80%
Cameroon
75%
Ecuador
75%
Gabon
75%
Greece
75%
Nigeria
75%
Papua New Guinea
75%
Poland
75%
Portugal
75%
Russia
75%
Saudi Arabia
75%
Sierra Leone
75%
Venezuela
75%
Yemen
75%
Bangladesh
67%
China
67%
Equatorial Guinea
67%
France
67%
Honduras
67%
Jamaica
67%
Mozambique
67%
Myanmar
67%
Namibia
67%
New Zealand
67%
Nicaragua
67%
Sao Tome and Principe
67%
Sweden
67%
Syria
67%
Taiwan
67%
Tanzania
67%
El Salvador
60%
Somalia
60%
Albania
50%
Benin
50%
Cape Verde
50%
Comoros
50%
Eritrea
50%
FS Micronesia
50%
Georgia
50%
Guatemala
50%
Kenya
50%
Lithuania
50%
Malaysia
50%
Samoa
50%
Senegal
50%
Togo
50%
Tuvalu
50%
Ukraine
50%
Belize
40%
Kiribati
40%
Vanuatu
40%
Bahamas
33%
Cuba
33%
Guinea-Bissau
33%
Marshall Islands
33%
Nauru
33%
Palau
33%
Maldives
25%
Netherlands
25%
Tonga
25%
United Arab Emirates
20%
Bulgaria
0%
Fiji
0%
Iraq
0%
Ireland
0%
Ivory Coast
0%
Jordan
0%
Kuwait
0%
Libya
0%
Panama
0%
Seychelles
0%
Spain
0%
Vietnam
0%

Score Distribution

Percentile by Number Answered

Percent of People with Each Score

Your Score History

You have not taken this quiz